[Event "Moscu Open 2009"]
[Site "Moscu RUS"]
[Date "2009.02.05"]
[Round "6.4"]
[White "Riazantsev, Alexander"]
[Black "Tseshkovsky, Vitaly"]
[Result "1-0"]
[WhiteElo "2634"]
[BlackElo "2542"]
[PlyCount "73"]
[EventDate "2009.01.31"]
[EventType "swiss"]
[EventRounds "9"]
[EventCountry "RUS"]
[Source "lmi"]
[SourceDate "2009.01.31"]

1. d4 d6 2. Nf3 Nf6 3. c4 g6 4. Nc3 Bf5 5. Qb3 Qc8 6. h3 Bg7 7. g4 Bd7 8. e4
O-O 9. Be3 Nc6 10. Be2 a5 11. Qd1 e5 12. d5 Nb4 13. Nd2 Na6 14. Rg1 h6 15. h4
Nh7 16. Nf1 Qd8 17. Rh1 a4 18. Qd2 a3 19. b3 Nb4 20. Nb5 Na6 21. Ng3 Re8 22.
Nxa3 c6 23. Nc2 cxd5 24. cxd5 Rc8 25. Na3 Nc5 26. Nc4 Qc7 27. h5 g5 28. f3 b5
29. Nb2 Bf6 30. Kf2 Ra8 31. Rhc1 Qb8 32. Bd1 Bd8 33. b4 Na6 34. Be2 Nf6 35. Nd1
Bb6 36. Kg2 Qa7 37. Bxg5 1-0

[Event "Moscu Open 2009"]
[Site "Moscu RUS"]
[Date "2009.02.05"]
[Round "6.9"]
[White "Vuckovic, Bojan"]
[Black "Burmakin, Vladimir"]
[Result "1/2-1/2"]
[WhiteElo "2576"]
[BlackElo "2623"]
[PlyCount "129"]
[EventDate "2009.01.31"]
[EventType "swiss"]
[EventRounds "9"]
[EventCountry "RUS"]
[Source "lmi"]
[SourceDate "2009.01.31"]

1. e4 c6 2. d4 d5 3. f3 g6 4. Nc3 Bg7 5. Be3 Qb6 6. Rb1 dxe4 7. fxe4 Nf6 8. Nf3
O-O 9. h3 Qc7 10. Qd2 Nbd7 11. Bf4 Qd8 12. Bd3 Nh5 13. Bh2 Nb6 14. g4 Nf6 15.
O-O Nfd7 16. e5 Nd5 17. Ne4 Nc7 18. c4 b5 19. b3 f6 20. exf6 Nxf6 21. Rbe1 Ne6
22. Be5 bxc4 23. Bxc4 Nd5 24. Bxg7 Kxg7 25. Ne5 Rxf1+ 26. Rxf1 Nf6 27. Nxc6 Qe8
28. Nxf6 exf6 29. Qf2 Qf8 30. Qe3 Qd6 31. d5 Bd7 32. Re1 Re8 33. dxe6 Bxc6 34.
Qxa7+ Re7 35. Qe3 Bb7 36. g5 fxg5 37. Qxg5 Kg8 38. Bf1 Qd4+ 39. Qe3 Qd5 40. Qg3
Qh1+ 41. Kf2 Qc6 42. Bg2 Qc5+ 43. Qe3 Qf5+ 44. Kg1 Bc8 45. Qe5 Qc2 46. Qd6 Re8
47. e7 Qc3 48. Qe5 Qxe5 49. Rxe5 Kf7 50. Kf2 Kf6 51. Bc6 Rxe7 52. Rxe7 Kxe7 53.
Bg2 g5 54. Ke3 Kd6 55. Kd4 h5 56. a4 g4 57. hxg4 Bxg4 58. b4 h4 59. b5 h3 60.
Be4 Bd7 61. Bf3 h2 62. Bh1 Be8 63. Bg2 Bd7 64. Bh1 Be8 65. Bg2 1/2-1/2

[Event "Moscu Open 2009"]
[Site "Moscu RUS"]
[Date "2009.02.05"]
[Round "6.11"]
[White "Ponkratov, Pavel"]
[Black "Andreikin, Dmitry"]
[Result "1/2-1/2"]
[WhiteElo "2558"]
[BlackElo "2614"]
[PlyCount "155"]
[EventDate "2009.01.31"]
[EventType "swiss"]
[EventRounds "9"]
[EventCountry "RUS"]
[Source "lmi"]
[SourceDate "2009.01.31"]

1. e4 c6 2. d4 d5 3. e5 Bf5 4. Nf3 e6 5. Be2 h6 6. Nbd2 Nd7 7. Nb3 Ne7 8. Bd2
Nc8 9. O-O Ncb6 10. a4 Be7 11. a5 Nc4 12. Bc3 b5 13. Ra2 O-O 14. Qe1 f6 15.
exf6 Bxf6 16. Bd3 Re8 17. Nc5 Nxc5 18. dxc5 d4 19. Bb4 Qd5 20. b3 Ne5 21. Nxe5
Bxe5 22. Ra1 Bxd3 23. cxd3 Qxb3 24. Qxe5 Qxb4 25. Qd6 Rad8 26. Qxc6 Rc8 27. Qb7
Qxc5 28. Rab1 Rb8 29. Qa6 Re7 30. h3 Qd5 31. Rfc1 Kh7 32. Rc6 b4 33. Qc4 Qxa5
34. Rc5 Qa3 35. Qxd4 b3 36. Qe4+ Kh8 37. Rc3 Qa2 38. Rbxb3 Qxb3 39. Rxb3 Rxb3
40. Qa8+ Kh7 41. Qe4+ g6 42. h4 Rb5 43. Qc4 Rd5 44. Qb4 Red7 45. Qe4 Re7 46.
Qb4 Red7 47. Qe4 h5 48. Qxe6 Rxd3 49. g4 R3d6 50. Qe8 Rd5 51. gxh5 gxh5 52.
Qe4+ Kg7 53. Kh2 a5 54. Qg2+ Kf6 55. Qe4 Rd4 56. Qc6+ Kg7 57. Qb5 R4d5 58. Qc6
R7d6 59. Qc7+ Kg6 60. Qc4 Rd7 61. Qe4+ Kg7 62. Qc4 Rf5 63. Qc3+ Kh7 64. Qc2
Rdf7 65. Qe4 Kg8 66. f3 Kf8 67. Qa8+ Kg7 68. Qe4 R7f6 69. Qe7+ Kh6 70. Qd8 Kh7
71. Qe7+ Rf7 72. Qe4 Kg8 73. Qe8+ Kg7 74. Qe4 Kh7 75. Qa8 Re5 76. Qa6 Kg7 77.
Qd3 Ref5 78. Qe4 1/2-1/2

[Event "Moscu Open 2009"]
[Site "Moscu RUS"]
[Date "2009.02.05"]
[Round "6.13"]
[White "Ajrapetjan, Yuriy"]
[Black "Bocharov, Dmitry"]
[Result "1/2-1/2"]
[WhiteElo "2490"]
[BlackElo "2647"]
[PlyCount "187"]
[EventDate "2009.01.31"]
[EventType "swiss"]
[EventRounds "9"]
[EventCountry "RUS"]
[Source "lmi"]
[SourceDate "2009.01.31"]

1. Nf3 c5 2. c4 Nc6 3. Nc3 e5 4. g3 g6 5. Bg2 Bg7 6. O-O d6 7. d3 Nge7 8. Ne1
Be6 9. Nc2 d5 10. cxd5 Nxd5 11. Rb1 O-O 12. Ne4 b6 13. Ng5 Bc8 14. Ne3 Nde7 15.
a3 h6 16. Nf3 a5 17. b4 cxb4 18. axb4 axb4 19. Bd2 Bd7 20. Ne1 Ra2 21. N1c2 Re8
22. Nd5 Nxd5 23. Bxd5 Ra5 24. Bg2 Rc5 25. Nxb4 Nd4 26. e3 Nb5 27. Rc1 Bf8 28.
Qb3 Be6 29. Qa4 Qd6 30. Bc6 Bd7 31. Rxc5 bxc5 32. Qxb5 Rb8 33. Qa5 cxb4 34.
Bxd7 Qxd7 35. Qxe5 Rc8 36. Rc1 Bg7 37. Qe4 Rxc1+ 38. Bxc1 Qc8 39. Qxb4 Qxc1+
40. Kg2 Qc6+ 41. Kg1 Qd5 42. d4 Bf6 43. Qb8+ Kg7 44. h4 Be7 45. Qe8 Bb4 46. Qb8
Bd6 47. Qd8 Qe6 48. Kg2 Qe4+ 49. Kg1 Qe7 50. Qa8 h5 51. Kg2 Qe6 52. Qb7 Be7 53.
Qa8 f6 54. Qf3 Bd6 55. Qb7+ Kh6 56. Qc6 Qe7 57. Qa8 Kg7 58. Qf3 Qd7 59. Qd5 Qc7
60. Qf3 Be7 61. Qe4 Qd7 62. Qf3 Qe6 63. Kh2 Qf5 64. Qg2 g5 65. hxg5 fxg5 66.
Kg1 Qe6 67. Qf3 g4 68. Qb7 Kg6 69. Kg2 Bf6 70. Qa8 Qf5 71. Qc6 Kf7 72. Qb7+ Be7
73. Qb3+ Qe6 74. Qb7 Kf6 75. Qa8 Kf5 76. Qe8 Qd5+ 77. Kg1 Kf6 78. Qh8+ Kf7 79.
Qh7+ Ke8 80. e4 Qf7 81. Qh8+ Kd7 82. Qa8 Qb3 83. d5 Qb1+ 84. Kh2 Qc2 85. Qa7+
Qc7 86. Qa6 Bd6 87. e5 Bxe5 88. Qe6+ Kd8 89. Qg8+ Ke7 90. Qe6+ Kf8 91. Qf5+ Kg8
92. Qxh5 Bxg3+ 93. Kg2 Bd6 94. Qxg4+ 1/2-1/2

[Event "Moscu Open 2009"]
[Site "Moscu RUS"]
[Date "2009.02.05"]
[Round "6.14"]
[White "Sargissian, Gabriel"]
[Black "Yakovich, Yuri"]
[Result "0-1"]
[WhiteElo "2678"]
[BlackElo "2556"]
[PlyCount "62"]
[EventDate "2009.01.31"]
[EventType "swiss"]
[EventRounds "9"]
[EventCountry "RUS"]
[Source "lmi"]
[SourceDate "2009.01.31"]

1. c4 e5 2. Nc3 Nf6 3. Nf3 Nc6 4. g3 d5 5. cxd5 Nxd5 6. Bg2 Nb6 7. O-O Be7 8.
a3 O-O 9. b4 Be6 10. Rb1 f6 11. d3 a5 12. b5 Nd4 13. Nd2 Qc8 14. e3 Nf5 15. Qe2
Nd6 16. Nde4 Nf7 17. Rd1 Bg4 18. f3 Be6 19. d4 exd4 20. exd4 Re8 21. Nc5 Bf5
22. N3e4 Nd5 23. Qa2 Bxc5 24. Qxd5 Bb6 25. Kh1 Rxe4 26. fxe4 Be6 27. Qh5 Bg4
28. Qd5 Be6 29. Qh5 Bg4 30. Qd5 Bxd1 31. e5 fxe5 0-1

[Event "Moscu Open 2009"]
[Site "Moscu RUS"]
[Date "2009.02.05"]
[Round "6.19"]
[White "Novikov, Stanislav"]
[Black "Aleksandrov, Aleksej"]
[Result "1/2-1/2"]
[WhiteElo "2523"]
[BlackElo "2636"]
[PlyCount "45"]
[EventDate "2009.01.31"]
[EventType "swiss"]
[EventRounds "9"]
[EventCountry "RUS"]
[Source "lmi"]
[SourceDate "2009.01.31"]

1. c4 e6 2. Nc3 d5 3. d4 Bb4 4. e3 c5 5. cxd5 exd5 6. dxc5 Nf6 7. Bb5+ Bd7 8.
Bxd7+ Nbxd7 9. Nge2 O-O 10. O-O Nxc5 11. b3 Rc8 12. Bb2 Qd7 13. a3 Bxc3 14.
Bxc3 Nfe4 15. Bb2 Ne6 16. b4 Rfd8 17. Qd3 a5 18. f3 Nd6 19. bxa5 Nc4 20. Bc3
Nc5 21. Qd4 Ne6 22. Qd3 Nc5 23. Qd4 1/2-1/2

[Event "Moscu Open 2009"]
[Site "Moscu RUS"]
[Date "2009.02.06"]
[Round "7.2"]
[White "Timofeev, Artyom"]
[Black "Inarkiev, Ernesto"]
[Result "1/2-1/2"]
[WhiteElo "2671"]
[BlackElo "2656"]
[PlyCount "91"]
[EventDate "2009.01.31"]
[EventType "swiss"]
[EventRounds "9"]
[EventCountry "RUS"]
[Source "lmi"]
[SourceDate "2009.01.31"]

1. e4 e5 2. Nf3 Nc6 3. Bb5 Nf6 4. O-O Nxe4 5. d4 Nd6 6. Bxc6 dxc6 7. dxe5 Nf5
8. Qxd8+ Kxd8 9. Nc3 Ke8 10. h3 h5 11. Ne2 Be7 12. Re1 a5 13. Bg5 a4 14. a3 Be6
15. Nf4 Bd5 16. Nxd5 cxd5 17. Rad1 c6 18. g4 hxg4 19. hxg4 Nh6 20. Bxe7 Kxe7
21. Rd4 g5 22. c4 dxc4 23. Rxc4 Ra5 24. Kg2 Rb5 25. Rh1 Rxb2 26. Rxa4 f6 27.
Re4 Rxf2+ 28. Kxf2 Nxg4+ 29. Rxg4 Rxh1 30. exf6+ Kxf6 31. Rxg5 Ke6 32. Ke2 Kd6
33. Nd2 Rh4 34. Kd3 b5 35. Rg6+ Kd5 36. Rg5+ Kd6 37. Rg3 Kc5 38. Kc3 Kb6 39.
Kb3 Rd4 40. Kc2 Ra4 41. Kb2 c5 42. Rg6+ Kc7 43. Nb1 b4 44. Kb3 bxa3 45. Nxa3
Rh4 46. Nc4 1/2-1/2

[Event "Moscu Open 2009"]
[Site "Moscu RUS"]
[Date "2009.02.06"]
[Round "7.7"]
[White "Savchenko, Boris"]
[Black "Vuckovic, Bojan"]
[Result "1-0"]
[WhiteElo "2654"]
[BlackElo "2576"]
[PlyCount "113"]
[EventDate "2009.01.31"]
[EventType "swiss"]
[EventRounds "9"]
[EventCountry "RUS"]
[Source "lmi"]
[SourceDate "2009.01.31"]

1. e4 c6 2. d4 d5 3. Nc3 dxe4 4. Nxe4 Bf5 5. Ng3 Bg6 6. N3e2 Nf6 7. Nf4 e5 8.
Nxg6 hxg6 9. Nf3 exd4 10. Nxd4 Bc5 11. Qe2+ Kf8 12. Nb3 Bb4+ 13. c3 Bd6 14. g3
Nbd7 15. Bg2 Qc7 16. Be3 a5 17. Rd1 a4 18. Nd4 Ne5 19. h3 Kg8 20. O-O Kh7 21.
Nf3 Nxf3+ 22. Bxf3 Rhe8 23. Rd3 Bc5 24. Rfd1 Bxe3 25. Rxe3 Rxe3 26. Qxe3 Rd8
27. Rd4 Rxd4 28. Qxd4 Qa5 29. a3 Kg8 30. Kg2 Nd5 31. c4 Nf6 32. c5 Nh7 33. Bd1
Nf8 34. Qb4 Qa7 35. Bxa4 Ne6 36. Bd1 Nxc5 37. Qd4 b6 38. Qd8+ Kh7 39. Bf3 Na4
40. b4 c5 41. Bc6 Nc3 42. bxc5 bxc5 43. a4 Qa6 44. Qd7 c4 45. h4 Qb6 46. Bf3 f6
47. Qf7 Qc5 48. g4 Qd4 49. h5 gxh5 50. Qxh5+ Kg8 51. Qe8+ Kh7 52. a5 Qe5 53.
Qxe5 fxe5 54. a6 Nb5 55. Be2 Na7 56. Bxc4 Kg6 57. Kf3 1-0

[Event "Moscu Open 2009"]
[Site "Moscu RUS"]
[Date "2009.02.06"]
[Round "7.12"]
[White "Burmakin, Vladimir"]
[Black "Yudin, Sergei"]
[Result "1/2-1/2"]
[WhiteElo "2623"]
[BlackElo "2562"]
[PlyCount "36"]
[EventDate "2009.01.31"]
[EventType "swiss"]
[EventRounds "9"]
[EventCountry "RUS"]
[Source "lmi"]
[SourceDate "2009.01.31"]

1. d4 d5 2. c4 e6 3. Nf3 c6 4. Nbd2 Nf6 5. g3 Nbd7 6. Bg2 Bd6 7. O-O O-O 8. Qc2
Re8 9. Rd1 Qe7 10. e4 Nxe4 11. Nxe4 dxe4 12. Qxe4 e5 13. Bg5 Qf8 14. dxe5 Nxe5
15. Bf4 Nxf3+ 16. Qxf3 Bxf4 17. Qxf4 Be6 18. Rd4 Qb4 1/2-1/2

[Event "Moscu Open 2009"]
[Site "Moscu RUS"]
[Date "2009.02.06"]
[Round "7.15"]
[White "Andreikin, Dmitry"]
[Black "Nikolenko, Oleg"]
[Result "1/2-1/2"]
[WhiteElo "2614"]
[BlackElo "2511"]
[PlyCount "110"]
[EventDate "2009.01.31"]
[EventType "swiss"]
[EventRounds "9"]
[EventCountry "RUS"]
[Source "lmi"]
[SourceDate "2009.01.31"]

1. c4 e5 2. Nc3 Nf6 3. Nf3 Nc6 4. e4 Bb4 5. d3 d6 6. a3 Bc5 7. b4 Bb6 8. Na4
Bg4 9. Nxb6 axb6 10. Bb2 Nd4 11. Bxd4 exd4 12. Be2 Bxf3 13. Bxf3 c6 14. Qd2 Nd7
15. O-O O-O 16. Bg4 Ne5 17. Bh3 c5 18. f4 Nc6 19. b5 Ne7 20. e5 d5 21. f5 f6
22. exf6 Rxf6 23. g4 dxc4 24. dxc4 d3 25. Rf4 Rd6 26. Bf1 Qd7 27. Kh1 Rd4 28.
Rxd4 Qxd4 29. Re1 Kf8 30. Bxd3 Qxg4 31. Be4 Nxf5 32. Bxb7 Re8 33. Rf1 g6 34.
Qc3 Qd4 35. Qxd4 cxd4 36. a4 d3 37. Rd1 Ne3 38. Rxd3 Nxc4 39. Rf3+ Kg7 40. Bd5
Re1+ 41. Kg2 Ne5 42. Rc3 Ra1 43. Rc7+ Kf6 44. Rxh7 Rxa4 45. Rb7 Rb4 46. Rxb6+
Kg5 47. Rb8 Nd7 48. Rd8 Nf6 49. Bc6 Kf4 50. Rd2 Ng4 51. h3 Ne3+ 52. Kf2 Nf5 53.
Bd7 Nd4 54. b6 Ke4 55. Bg4 Ke5 1/2-1/2

[Event "Moscu Open 2009"]
[Site "Moscu RUS"]
[Date "2009.02.06"]
[Round "7.22"]
[White "Kobalia, Mikhail"]
[Black "Onischuk, Vladimir"]
[Result "1/2-1/2"]
[WhiteElo "2634"]
[BlackElo "2488"]
[PlyCount "113"]
[EventDate "2009.01.31"]
[EventType "swiss"]
[EventRounds "9"]
[EventCountry "RUS"]
[Source "lmi"]
[SourceDate "2009.01.31"]

1. e4 c5 2. Nf3 d6 3. d4 cxd4 4. Nxd4 Nf6 5. Nc3 a6 6. Be3 e5 7. Nf3 Qc7 8. Bg5
Nbd7 9. a4 h6 10. Bh4 g5 11. Bg3 Nc5 12. Nd2 Be6 13. Be2 O-O-O 14. O-O d5 15.
exd5 Nxd5 16. Nxd5 Bxd5 17. b4 Ne6 18. c4 Bxg2 19. Kxg2 Bxb4 20. Ra2 h5 21. h3
Qa5 22. Bxh5 Nf4+ 23. Bxf4 exf4 24. Qf3 Bxd2 25. Bxf7 Qc3 26. Bd5 Qxf3+ 27.
Bxf3 a5 28. c5 Kc7 29. Rc2 Bb4 30. c6 b6 31. Re2 Rhe8 32. Rxe8 Rxe8 33. Rd1 Rd8
34. Rxd8 Kxd8 35. Be2 Kc7 36. Bb5 Be7 37. Kf3 Kd6 38. Kg4 Bd8 39. Kf5 Be7 40.
Kg6 Bd8 41. Kf7 Bc7 42. Ke8 Ke6 43. Kf8 Kd6 44. Kf7 Bd8 45. Kg6 Be7 46. Kf5 Bd8
47. f3 Be7 48. h4 gxh4 49. Kxf4 Bd8 50. Kg4 Be7 51. f4 Bd8 52. Kf3 Be7 53. Ke4
Bd8 54. f5 Be7 55. Kf4 Bf6 56. Kg4 Bd8 57. Kh3 1/2-1/2

[Event "Moscu Open 2009"]
[Site "Moscu RUS"]
[Date "2009.02.06"]
[Round "7.23"]
[White "Kuzubov, Yuriy"]
[Black "Dvalishvili, Pavel S"]
[Result "1/2-1/2"]
[WhiteElo "2626"]
[BlackElo "2480"]
[PlyCount "76"]
[EventDate "2009.01.31"]
[EventType "swiss"]
[EventRounds "9"]
[EventCountry "RUS"]
[Source "lmi"]
[SourceDate "2009.01.31"]

1. d4 Nf6 2. c4 e6 3. Nc3 Bb4 4. e3 c5 5. Nf3 O-O 6. Bd3 d5 7. O-O dxc4 8. Bxc4
Nbd7 9. Qe2 cxd4 10. exd4 Nb6 11. Bd3 Bd7 12. Ne5 Bc6 13. Rd1 Rc8 14. Bg5 Be7
15. Rac1 Nbd5 16. Bb1 g6 17. h4 Nxc3 18. Rxc3 Ba4 19. Re1 Rxc3 20. bxc3 Kg7 21.
Qe3 Ng8 22. Bxe7 Qxe7 23. d5 exd5 24. Qd4 f6 25. Nd3 Qa3 26. Qxa7 Rf7 27. h5 b5
28. Qd4 Rc7 29. hxg6 hxg6 30. Qxd5 Qxc3 31. Re8 Nh6 32. Qd6 Rf7 33. Qc5 Qd2 34.
Qb4 Qxb4 35. Nxb4 Rc7 36. Re1 Ng4 37. Be4 Rc4 38. a3 Rc3 1/2-1/2

[Event "Moscu Open 2009"]
[Site "Moscu RUS"]
[Date "2009.02.07"]
[Round "8.7"]
[White "Kotsur, Pavel"]
[Black "Amonatov, Farrukh"]
[Result "1/2-1/2"]
[WhiteElo "2563"]
[BlackElo "2647"]
[PlyCount "61"]
[EventDate "2009.01.31"]
[EventType "swiss"]
[EventRounds "9"]
[EventCountry "RUS"]
[Source "lmi"]
[SourceDate "2009.01.31"]

1. c4 Nf6 2. d4 g6 3. Nf3 Bg7 4. g3 O-O 5. Bg2 c5 6. dxc5 Qa5+ 7. Nfd2 Qxc5 8.
Nc3 d6 9. O-O Nc6 10. Nd5 Bf5 11. Ne3 Bd7 12. Nb3 Qh5 13. f3 g5 14. Nd5 Nxd5
15. cxd5 Ne5 16. Nd4 Qg6 17. e4 Rac8 18. Kh1 Rc4 19. Be3 Rfc8 20. Rc1 Rxc1 21.
Bxc1 Nc4 22. b3 Qf6 23. Ne2 Nb2 24. Qd2 Bb5 25. f4 Nd3 26. fxg5 Qe5 27. Ba3 b6
28. Rf5 Qa1+ 29. Rf1 Qe5 30. Rf5 Qa1+ 31. Rf1 1/2-1/2

[Event "Moscu Open 2009"]
[Site "Moscu RUS"]
[Date "2009.02.07"]
[Round "8.8"]
[White "Lastin, Alexander"]
[Black "Chuprov, Dmitry"]
[Result "1-0"]
[WhiteElo "2643"]
[BlackElo "2571"]
[PlyCount "79"]
[EventDate "2009.01.31"]
[EventType "swiss"]
[EventRounds "9"]
[EventCountry "RUS"]
[Source "lmi"]
[SourceDate "2009.01.31"]

1. e4 e5 2. Bc4 Nf6 3. Nc3 Bb4 4. Qf3 Bxc3 5. dxc3 d6 6. Ne2 Be6 7. Bd3 Nbd7 8.
c4 Nc5 9. O-O h6 10. b3 Nfd7 11. Qg3 g5 12. Nc3 Qe7 13. Be2 Nf6 14. Qe3 Bd7 15.
Ba3 Ne6 16. Rad1 b6 17. Rd2 Nd4 18. Bd3 c5 19. Nb5 Be6 20. c3 Nxb5 21. cxb5
O-O-O 22. Be2 Rhg8 23. Rfd1 h5 24. c4 Ng4 25. Qc3 Nf6 26. Qe3 Ng4 27. Qd3 h4
28. b4 Nf6 29. Qe3 Ng4 30. Qc3 f6 31. Bc1 Nh6 32. a4 f5 33. a5 fxe4 34. axb6
axb6 35. bxc5 bxc5 36. Qa5 Kd7 37. Rxd6+ Qxd6 38. Qa7+ Ke8 39. Rxd6 Rxd6 40. b6
1-0

[Event "Moscu Open 2009"]
[Site "Moscu RUS"]
[Date "2009.02.07"]
[Round "8.11"]
[White "Yudin, Sergei"]
[Black "Kazhgaleyev, Murtas"]
[Result "1-0"]
[WhiteElo "2562"]
[BlackElo "2630"]
[PlyCount "87"]
[EventDate "2009.01.31"]
[EventType "swiss"]
[EventRounds "9"]
[EventCountry "RUS"]
[Source "lmi"]
[SourceDate "2009.01.31"]

1. e4 d6 2. d4 Nf6 3. Nc3 g6 4. Nf3 Bg7 5. Be2 O-O 6. O-O c6 7. a4 Qc7 8. h3
Nbd7 9. Be3 b6 10. Nd2 Bb7 11. f4 Rad8 12. g4 e5 13. dxe5 dxe5 14. g5 Ne8 15.
f5 Nd6 16. f6 Bh8 17. Qe1 Rfe8 18. h4 Nf8 19. h5 Ne6 20. Nc4 gxh5 21. Qh4 Nf4
22. Bxf4 exf4 23. Qxh5 Nxe4 24. Nxe4 Rxe4 25. Bd3 c5 26. Rae1 f3 27. Kf2 Qf4
28. Re3 Rxd3 29. cxd3 Rxe3 30. Nxe3 Qe5 31. Qh4 h6 32. Qg3 Qxb2+ 33. Kg1 Qd2
34. Qb8+ Kh7 35. g6+ Kxg6 36. Qg8+ Kxf6 37. Qxh8+ Kg6 38. Qg8+ Kf6 39. Qh8+ Kg6
40. Qe5 h5 41. Kh1 Kh7 42. Qxh5+ Kg8 43. Qg5+ Kf8 44. Qd8+ 1-0

[Event "Moscu Open 2009"]
[Site "Moscu RUS"]
[Date "2009.02.07"]
[Round "8.13"]
[White "Nikolenko, Oleg"]
[Black "Burmakin, Vladimir"]
[Result "1/2-1/2"]
[WhiteElo "2511"]
[BlackElo "2623"]
[PlyCount "21"]
[EventDate "2009.01.31"]
[EventType "swiss"]
[EventRounds "9"]
[EventCountry "RUS"]
[Source "lmi"]
[SourceDate "2009.01.31"]

1. e4 c6 2. d4 d5 3. Nc3 dxe4 4. Nxe4 Bf5 5. Nc5 Qc7 6. Bd3 Bxd3 7. Nxd3 Nd7 8.
Bf4 Qb6 9. Nf3 Ngf6 10. O-O e6 11. c3 1/2-1/2

[Event "Moscu Open 2009"]
[Site "Moscu RUS"]
[Date "2009.02.07"]
[Round "8.14"]
[White "Lysyj, Igor"]
[Black "Sjugirov, Sanan"]
[Result "1-0"]
[WhiteElo "2620"]
[BlackElo "2562"]
[PlyCount "65"]
[EventDate "2009.01.31"]
[EventType "swiss"]
[EventRounds "9"]
[EventCountry "RUS"]
[Source "lmi"]
[SourceDate "2009.01.31"]

1. d4 d5 2. c4 e6 3. Nc3 c6 4. e4 dxe4 5. Nxe4 Bb4+ 6. Bd2 Qxd4 7. Bxb4 Qxe4+
8. Be2 Na6 9. Ba5 b6 10. Qd6 Bd7 11. Bc3 f6 12. Nf3 Ne7 13. O-O-O Qxe2 14.
Qxd7+ Kf7 15. Rhe1 Qxc4 16. Re3 Rhe8 17. b3 Qf4 18. Rd4 Qh6 19. Qxe6+ Kf8 20.
Rh4 Nc5 21. Qh3 Qg6 22. Nd4 Nd5 23. Rg3 Nd3+ 24. Rxd3 Nxc3 25. Rxc3 Re1+ 26.
Kb2 Qb1+ 27. Ka3 Re5 28. Rh5 g5 29. Nxc6 Re2 30. Rxh7 Rxa2+ 31. Kb4 Qe4+ 32.
Rc4 Qe1+ 33. Kb5 1-0

[Event "Moscu Open 2009"]
[Site "Moscu RUS"]
[Date "2009.02.07"]
[Round "8.16"]
[White "Ajrapetjan, Yuriy"]
[Black "Andreikin, Dmitry"]
[Result "0-1"]
[WhiteElo "2490"]
[BlackElo "2614"]
[PlyCount "68"]
[EventDate "2009.01.31"]
[EventType "swiss"]
[EventRounds "9"]
[EventCountry "RUS"]
[Source "lmi"]
[SourceDate "2009.01.31"]

1. Nf3 c5 2. c4 Nc6 3. g3 g6 4. Bg2 Bg7 5. O-O Nh6 6. Nc3 Nf5 7. b3 e6 8. Bb2
d5 9. cxd5 exd5 10. Rc1 O-O 11. Ne1 Nfe7 12. Nd3 b6 13. Nf4 d4 14. Ncd5 Nxd5
15. Bxd5 Bd7 16. a3 Rc8 17. b4 cxb4 18. Qb3 a5 19. Qf3 Qf6 20. Ba2 a4 21. Qd5
Rfd8 22. Qb5 b3 23. Bb1 Ne5 24. Qb4 Bf8 25. Nd5 Qe6 26. Qxd4 Bg7 27. Qe4 Nf3+
28. exf3 Bxb2 29. Qxe6 Bxe6 30. Ne7+ Kg7 31. Nxc8 Bxc1 32. Rxc1 Rxc8 33. Rc3
Rxc3 34. dxc3 Bf5 0-1

[Event "Moscu Open 2009"]
[Site "Moscu RUS"]
[Date "2009.02.07"]
[Round "8.17"]
[White "Bezgodov, Alexei"]
[Black "Kurnosov, Igor"]
[Result "0-1"]
[WhiteElo "2475"]
[BlackElo "2602"]
[PlyCount "94"]
[EventDate "2009.01.31"]
[EventType "swiss"]
[EventRounds "9"]
[EventCountry "RUS"]
[Source "lmi"]
[SourceDate "2009.01.31"]

1. e4 c5 2. Nf3 e6 3. d4 cxd4 4. Nxd4 a6 5. c4 Nf6 6. Qe2 Bb4+ 7. Bd2 Bxd2+ 8.
Nxd2 d6 9. O-O-O e5 10. Nf5 g6 11. Nh6 Nc6 12. Qe3 Be6 13. h3 Nd7 14. Ng4 h5
15. Nh2 Qb6 16. Qxb6 Nxb6 17. Kb1 Ke7 18. Rc1 Nd7 19. Be2 Nc5 20. Rhe1 f5 21.
f3 Nd4 22. b4 Nxe2 23. Rxe2 Nd3 24. Rc3 Nxb4 25. Rb3 a5 26. a3 Nc6 27. Rxb7+
Kf6 28. exf5 gxf5 29. g4 Nd4 30. Rg2 Rab8 31. Rxb8 Rxb8+ 32. Kc1 Bxc4 33. Nxc4
Rc8 34. gxh5 Rxc4+ 35. Kb2 Ne6 36. Rg6+ Kf7 37. Nf1 Rh4 38. Rh6 Rxh3 39. Rh7+
Kg8 40. Rh6 Rxf3 41. Rxe6 Rxf1 42. Rxd6 e4 43. Kc2 e3 44. Rg6+ Kh7 45. Kd3 f4
46. Ke2 Rf2+ 47. Ke1 a4 0-1

[Event "Moscu Open 2009"]
[Site "Moscu RUS"]
[Date "2009.02.07"]
[Round "8.20"]
[White "Kim, Alexey"]
[Black "Svetushkin, Dmitry"]
[Result "1-0"]
[WhiteElo "2475"]
[BlackElo "2593"]
[PlyCount "121"]
[EventDate "2009.01.31"]
[EventType "swiss"]
[EventRounds "9"]
[EventCountry "RUS"]
[Source "lmi"]
[SourceDate "2009.01.31"]

1. e4 g6 2. d4 Bg7 3. Nf3 c6 4. h3 d6 5. a4 Nf6 6. Nc3 O-O 7. Be3 Nbd7 8. Qd2
Qc7 9. Bh6 e5 10. dxe5 dxe5 11. Bc4 Nc5 12. Bxg7 Kxg7 13. Qe3 b6 14. O-O Bd7
15. Rfd1 a5 16. Rd2 Rae8 17. Rad1 Nh5 18. b3 Bc8 19. Ne2 Re7 20. Rd6 f6 21.
R6d2 Nf4 22. Ne1 Nce6 23. Nxf4 exf4 24. Qc3 Nc5 25. f3 g5 26. Nd3 Nd7 27. Nf2
h5 28. Be2 Ne5 29. Nd3 Nf7 30. Nb2 Rd8 31. Rxd8 Nxd8 32. Nc4 Nf7 33. b4 Ba6 34.
Rd2 Bxc4 35. Bxc4 Ne5 36. Ba2 axb4 37. Qb3 Re8 38. Qxb4 Ra8 39. Be6 Re8 40. Bf5
Qa7 41. Qd4 Ra8 42. Kh2 Qxa4 43. Qxb6 Qa7 44. Qb4 g4 45. h4 Rb8 46. Rd7+ Qxd7
47. Qxb8 g3+ 48. Kh3 Qd1 49. Qc7+ Nf7 50. Qxf4 Qxc2 51. e5 Qc3 52. e6 Qe5 53.
Qxe5 Nxe5 54. Kxg3 c5 55. Kf4 Nc4 56. e7 Nd6 57. Be6 Kg6 58. g4 hxg4 59. fxg4
Kg7 60. h5 Ne8 61. Bd7 1-0

[Event "Moscu Open 2009"]
[Site "Moscu RUS"]
[Date "2009.02.07"]
[Round "8.23"]
[White "Areshchenko, Alexander"]
[Black "Rychagov, Andrey"]
[Result "1-0"]
[WhiteElo "2673"]
[BlackElo "2515"]
[PlyCount "75"]
[EventDate "2009.01.31"]
[EventType "swiss"]
[EventRounds "9"]
[EventCountry "RUS"]
[Source "lmi"]
[SourceDate "2009.01.31"]

1. e4 e6 2. d3 d5 3. Nd2 Nf6 4. Ngf3 Nc6 5. c3 a5 6. Be2 Be7 7. O-O O-O 8. Qc2
e5 9. Re1 Re8 10. b3 Bf8 11. a3 Bg4 12. Bb2 Qd7 13. Bf1 Rad8 14. b4 axb4 15.
cxb4 d4 16. Rac1 Rc8 17. h3 Bh5 18. Nh4 Na7 19. Qb3 c5 20. bxc5 Bxc5 21. Rc2
Rc6 22. Rec1 Rec8 23. a4 Bf8 24. Nc4 Qc7 25. f4 Nd7 26. g4 exf4 27. gxh5 f3 28.
Kh1 Nc5 29. Qa2 Qf4 30. Nf5 f2 31. Bxd4 Nxd3 32. Bxd3 Qf3+ 33. Kh2 Qxd3 34.
Rxf2 Rxc4 35. Nh6+ gxh6 36. Rg1+ Bg7 37. Rxg7+ Kh8 38. Bf6 1-0

[Event "Moscu Open 2009"]
[Site "Moscu RUS"]
[Date "2009.02.08"]
[Round "9.2"]
[White "Iordachescu, Viorel"]
[Black "Inarkiev, Ernesto"]
[Result "1/2-1/2"]
[WhiteElo "2584"]
[BlackElo "2656"]
[PlyCount "31"]
[EventDate "2009.01.31"]
[EventType "swiss"]
[EventRounds "9"]
[EventCountry "RUS"]
[Source "lmi"]
[SourceDate "2009.01.31"]

1. e4 e5 2. Nf3 Nc6 3. Bb5 a6 4. Ba4 Nf6 5. O-O Be7 6. Re1 b5 7. Bb3 O-O 8. h3
Bb7 9. d3 d6 10. a3 Qd7 11. Nbd2 Nd8 12. Nf1 Ne6 13. Ng3 Rfe8 14. Ng5 c5 15.
Ba2 Rac8 16. Qe2 1/2-1/2

[Event "Moscu Open 2009"]
[Site "Moscu RUS"]
[Date "2009.02.08"]
[Round "9.7"]
[White "Kurnosov, Igor"]
[Black "Lysyj, Igor"]
[Result "1/2-1/2"]
[WhiteElo "2602"]
[BlackElo "2620"]
[PlyCount "56"]
[EventDate "2009.01.31"]
[EventType "swiss"]
[EventRounds "9"]
[EventCountry "RUS"]
[Source "lmi"]
[SourceDate "2009.01.31"]

1. e4 e6 2. d4 d5 3. Nc3 Nf6 4. e5 Nfd7 5. f4 c5 6. Nf3 Nc6 7. Be3 Be7 8. Qd2
a6 9. Be2 b5 10. a3 Bb7 11. O-O Qc7 12. Nd1 f5 13. exf6 gxf6 14. f5 e5 15. dxe5
Ncxe5 16. Nxe5 Nxe5 17. Bh5+ Kd7 18. Bf4 Bd6 19. Ne3 d4 20. Ng4 Nxg4 21. Bxg4
Rhg8 22. Bxd6 Qxd6 23. Bf3 Bxf3 24. Rxf3 Rae8 25. b4 Re4 26. bxc5 Ree8 27. Rf4
Kc7 28. Rf3 Kd7 1/2-1/2